|
|
|
|
| LEADER |
00000nab a2200000 a 4500 |
| 001 |
vtls008875956 |
| 003 |
SK-MaSNL |
| 005 |
20260304145943.0 |
| 008 |
250505c2005 xo 0 slo |
| 015 |
|
|
|a SNBCL2005/5
|
| 035 |
|
|
|a SLK037212
|
| 035 |
|
|
|a urn:nbn:sk:snk-abd5ah
|
| 035 |
|
|
|a (urnnbn)urn:nbn:sk:snk:ar-007i63
|
| 035 |
|
|
|a (uuid)3be49374-8f55-4d92-bc07-2ac34fda15d8
|
| 040 |
|
|
|a SNKBUCL
|b slo
|c SNKBUCL
|e AACR2
|
| 041 |
0 |
|
|a slo
|b eng
|b slo
|
| 044 |
|
|
|a xo
|c SK
|
| 080 |
|
|
|a 616-053.2-056.257-07-08
|2 1981
|
| 100 |
1 |
|
|a Žofčáková, Miroslava
|u II. Klinika detí a dorastu, LF UPJŠ a DFN, Košice
|4 aut
|9 1469504
|
| 245 |
1 |
0 |
|a Nadváha a obezita v detskom veku, jej dôsledky a východiská pre prevenciu
|c Miroslava Žofčáková, Milan Kuchta
|
| 246 |
1 |
0 |
|a Overweight and obesity in children, conseguences and goals for prevention
|
| 246 |
1 |
1 |
|a Overweight and obesity in children, conseguences and goals for prevention
|
| 504 |
|
|
|a Res. angl., slov.
|
| 504 |
|
|
|a Bibliogr. odkazy
|
| 650 |
0 |
7 |
|a nadváha
|2 MESH
|9 19187
|
| 650 |
0 |
7 |
|a obezita
|2 MESH
|9 2527
|
| 650 |
0 |
7 |
|a manažment choroby
|2 MESH
|9 1055332
|
| 650 |
0 |
7 |
|a detská obezita
|2 MESH
|9 88019
|
| 650 |
0 |
7 |
|a index telesnej hmotnosti
|2 MESH
|9 869765
|
| 700 |
1 |
|
|a Kuchta, Milan,
|d 1956-
|4 aut
|9 188678
|
| 773 |
0 |
|
|t Ateroskleróza
|g Roč. 9, č. 3-4 (2005), s. 134-139
|x 1335-2253
|
| 850 |
|
|
|a Slovenská národná knižnica
|
| 852 |
|
|
|a Slovenská národná knižnica
|
| 954 |
|
|
|a odborná, vedecká literatúra pôvodná (slovenská)
|2 lita
|
| 958 |
|
|
|a article17
|
| 958 |
|
|
|a OND
|
| 958 |
|
|
|a EUIPO
|
| 999 |
|
|
|c 2937526
|d 2939456
|